Clinical psychology : (Record no. 18509)
[ view plain ]
| 000 -LEADER | |
|---|---|
| fixed length control field | 00839nam a22002297a 4500 |
| 005 - DATE AND TIME OF LATEST TRANSACTION | |
| control field | 20141027145143.0 |
| 008 - FIXED-LENGTH DATA ELEMENTS--GENERAL INFORMATION | |
| fixed length control field | 141027t2009 xxua frb 001 0 eng d |
| 020 ## - INTERNATIONAL STANDARD BOOK NUMBER | |
| International Standard Book Number | 9780123742568 |
| 040 ## - CATALOGING SOURCE | |
| Original cataloging agency | EG-ScBUE |
| 082 00 - DEWEY DECIMAL CLASSIFICATION NUMBER | |
| Edition number | 22 |
| Classification number | 616.89 |
| Item number | CLI |
| 245 00 - TITLE STATEMENT | |
| Title | Clinical psychology : |
| Remainder of title | assessment treatment and research / |
| Statement of responsibility, etc | edited by David C. S. Richard, Steven K. Huprich. |
| 260 ## - PUBLICATION, DISTRIBUTION, ETC. (IMPRINT) | |
| Place of publication, distribution, etc | Burlington, United States ; |
| -- | California, United States ; |
| -- | London : |
| Name of publisher, distributor, etc | Elsevier Academic Press, |
| Date of publication, distribution, etc | c.2009 |
| 300 ## - PHYSICAL DESCRIPTION | |
| Extent | x, 566 p. : |
| Other physical details | ill. ; |
| Dimensions | 24 cm. |
| 500 ## - GENERAL NOTE | |
| General note | Index : p. 555-566. |
| 504 ## - BIBLIOGRAPHY, ETC. NOTE | |
| Bibliography, etc | Includes bibliographical. |
| 650 #0 - SUBJECT ADDED ENTRY--TOPICAL TERM | |
| 9 (RLIN) | 30633 |
| Topical term or geographic name as entry element | Clinical psychology |
| 653 ## - INDEX TERM--UNCONTROLLED | |
| Resource For college | Pharmacy |
| Arrived date list | October2014 |
| 655 ## - INDEX TERM--GENRE/FORM | |
| Form subdivision | |
| -- | 34232 |
| 700 1# - ADDED ENTRY--PERSONAL NAME | |
| Personal name | Richard, David C. S. |
| Relator term | editor. |
| 9 (RLIN) | 36350 |
| 700 1# - ADDED ENTRY--PERSONAL NAME | |
| Personal name | Huprich, Steven K. |
| 9 (RLIN) | 36351 |
| Relator term | editor. |
| 942 ## - ADDED ENTRY ELEMENTS (KOHA) | |
| Source of classification or shelving scheme | Dewey Decimal Classification |
| Call number prefix | 616.89 CLI |
| Withdrawn status | Item status | Source of classification or shelving scheme | Damaged status | Not for loan | Vendor | Home library | Current library | Shelving location | Date acquired | Source of acquisition | Cost, normal purchase price | Total Checkouts | Full call number | Barcode | Date last seen | Cost, replacement price | Koha item type | Total Renewals | Date last borrowed |
|---|---|---|---|---|---|---|---|---|---|---|---|---|---|---|---|---|---|---|---|
| Dewey Decimal Classification | Baccah | Central Library | Central Library | First floor | 27/10/2014 | 550.00 | 616.89 CLI | 000036829 | 15/07/2025 | 687.50 | Book - Borrowing | ||||||||
| Dewey Decimal Classification | Baccah | Central Library | Central Library | First floor | 27/10/2014 | 550.00 | 1 | 616.89 CLI | 000036830 | 15/07/2025 | 687.50 | Book - Borrowing | 7 | 15/12/2014 | |||||
| Dewey Decimal Classification | Baccah | Central Library | Central Library | First floor | 27/10/2014 | 550.00 | 1 | 616.89 CLI | 000036831 | 15/07/2025 | 687.50 | Book - Borrowing | 11/02/2020 |